Documentos de trabajo/
Sparad:
| Institutionell upphovsman: | |
|---|---|
| Materialtyp: | Konferenspublikation Bok |
| Språk: | Spanish |
| Publicerad: |
[Costa Rica]
CCTD; Fundación Friedich Ebert; CEDAL
1977
|
| Ämnen: | |
| Taggar: |
Lägg till en tagg
Inga taggar, Lägg till första taggen!
|
MARC
| LEADER | 00000nam a22000007a 4500 | ||
|---|---|---|---|
| 003 | cru CIDCACS/IIS | ||
| 005 | 20231019103851.0 | ||
| 008 | 220511b cr ||||| |||| 00| 0 spa d | ||
| 040 | |c cru CIDCACS/IIS | ||
| 090 | |a 13.01.01 S471d | ||
| 111 | 1 | |9 10426 |a Seminario Costarricense hacia una economía laboral |d del 7 al 11 de marzo de 1977 | |
| 245 | 1 | |a Documentos de trabajo/ |c Confederación Costarricense de Trabajadores Democráticos (CCTD) y Fundación Friedirich Ebert-CEDAL | |
| 260 | |a [Costa Rica] |b CCTD; Fundación Friedich Ebert; CEDAL |c 1977 | ||
| 300 | |a 65 páginas | ||
| 500 | |a El documento presenta fotocopias de dos capítulos del libro "Cambios Estructurales en el perú 1968-1975, editado por Ernesto-J. Kerbusch, FFE-ILDIS, Lima/Perú, 1976, numero Doc C 1-5 | ||
| 650 | 0 | 0 | |0 TESAUROS |9 8212 |a ECONOMIA INDUSTRIAL |
| 650 | 0 | 0 | |9 2229 |a EDUCACIÓN SINDICAL |0 TESAUROS |
| 650 | 0 | 0 | |9 7123 |a CAMBIOS SOCIALES |0 TESAUROS |
| 942 | |2 z |c LI |h 13.01.01 S471d |i 08436 |6 130101_S471D_08436 | ||
| 999 | |c 44229 |d 44229 | ||
